000 00529nam a2200181Ia 4500
008 100920s9999 xx 000 0 und d
082 _b100810
_a891.463.1 न 08
100 _aगजेंद्रगडकर मोनिका.
245 _aआर्त.
260 _bमौज प्रकाशन,मुंबई.
_c2008
300 _a169
_bसाधी
365 _b160
520 _aलघुकथा.
630 _aआर्त.
650 _aलघुकथा.
730 _aआर्त.
942 _cBOOK
999 _c741248
_d741245